<?xml version="1.0" encoding="UTF-8"?>
<record
    xmlns:xsi="http://www.w3.org/2001/XMLSchema-instance"
    xsi:schemaLocation="http://www.loc.gov/MARC21/slim http://www.loc.gov/standards/marcxml/schema/MARC21slim.xsd"
    xmlns="http://www.loc.gov/MARC21/slim">

  <leader>02309nam a2200289 a 4500</leader>
  <controlfield tag="001">000037810</controlfield>
  <controlfield tag="003">OSt</controlfield>
  <controlfield tag="005">20260321073642.0</controlfield>
  <controlfield tag="008">130306s1991    dr a          000 0 spa d</controlfield>
  <datafield tag="040" ind1=" " ind2=" ">
    <subfield code="a">DO-SdBNP</subfield>
    <subfield code="b">spa</subfield>
    <subfield code="c">BNPHU</subfield>
  </datafield>
  <datafield tag="082" ind1=" " ind2=" ">
    <subfield code="a">305.57293</subfield>
    <subfield code="b">B742c, 1991</subfield>
  </datafield>
  <datafield tag="100" ind1="1" ind2=" ">
    <subfield code="a"> Bosch, Juan, </subfield>
    <subfield code="d">1909-2001</subfield>
    <subfield code="9">76555</subfield>
  </datafield>
  <datafield tag="245" ind1="1" ind2="0">
    <subfield code="a">Composici&#xF3;n social dominicana :</subfield>
    <subfield code="b">historia e interpretaci&#xF3;n /</subfield>
    <subfield code="c">Juan Bosch.</subfield>
  </datafield>
  <datafield tag="250" ind1=" " ind2=" ">
    <subfield code="a">17a ed.</subfield>
  </datafield>
  <datafield tag="260" ind1=" " ind2=" ">
    <subfield code="a">Santo Domingo :</subfield>
    <subfield code="b">Alfa y Omega ,</subfield>
    <subfield code="c">1991.</subfield>
  </datafield>
  <datafield tag="300" ind1=" " ind2=" ">
    <subfield code="a">418 p. :</subfield>
    <subfield code="b">il. ; mapas; retrs. ;</subfield>
    <subfield code="c">24 cm.</subfield>
  </datafield>
  <datafield tag="500" ind1=" " ind2=" ">
    <subfield code="a">Incluye referencias bibliogr&#xE1;ficas y notas al pie de las p&#xE1;ginas</subfield>
  </datafield>
  <datafield tag="505" ind1="0" ind2=" ">
    <subfield code="a">Un pre&#xE1;mbulo necesario --</subfield>
    <subfield code="a">Origen de las clases sociales en Santo Domingo --</subfield>
    <subfield code="a">Aparici&#xF3;n y declinaci&#xF3;n de una oligarqu&#xED;a del az&#xFA;car --</subfield>
    <subfield code="a">De los ingenios a los hatos --</subfield>
    <subfield code="a">El desarrollo de la sociedad hatera --</subfield>
    <subfield code="a">La curiosa sociedad de los bucaneros --</subfield>
    <subfield code="a">La colonia francesa de Saint-Domingue --</subfield>
    <subfield code="a">El siglo de la miseria --</subfield>
    <subfield code="a">De la inamovilidad del siglo XVII al dinamismo del siglo XVIII --</subfield>
    <subfield code="a">Medio siglo de relativo desarrollo --</subfield>
    <subfield code="a">Santo Domingo en el panorama del Caribe --</subfield>
    <subfield code="a">La revoluci&#xF3;n haitiana --</subfield>
    <subfield code="a">El caso de las emigraciones --</subfield>
    <subfield code="a">El gobierno de los hateros y la sociedad de los cosecheros de tabaco --</subfield>
    <subfield code="a">Las causas de la invasi&#xF3;n haitiana en 1822 --</subfield>
    <subfield code="a">La peque&#xF1;a burgues&#xED;a en la historia dominicana --</subfield>
    <subfield code="a">La peque&#xF1;a burgues&#xED;a contra el poder de los hateros --</subfield>
    <subfield code="a">1857-1861. Luchas en el seno de la peque&#xF1;a burgues&#xED;a --</subfield>
    <subfield code="a">La restauraci&#xF3;n, obra de la peque&#xF1;a burgues&#xED;a --</subfield>
    <subfield code="a">El largo reinado de la peque&#xF1;a burgues&#xED;a en la vida pol&#xED;tica nacional --</subfield>
  </datafield>
  <datafield tag="505" ind1="0" ind2=" ">
    <subfield code="a">La composici&#xF3;n social y los partidos pol&#xED;ticos de la &#xE9;poca --</subfield>
    <subfield code="a">El gobierno de los azules o el camino hacia la sociedad burguesa --</subfield>
    <subfield code="a">De la muerte de Heureaux a la muerte de C&#xE1;ceres --</subfield>
    <subfield code="a">El imperialismo en acci&#xF3;n --</subfield>
    <subfield code="a">La composici&#xF3;n social hasta 1930 --</subfield>
    <subfield code="a">Trujillo, o el paso de la peque&#xF1;a burgues&#xED;a a la burgues&#xED;a --</subfield>
    <subfield code="a">La composici&#xF3;n social a la muerte de Trujillo.</subfield>
  </datafield>
  <datafield tag="590" ind1=" " ind2=" ">
    <subfield code="a">Inventariado, 2018/BT</subfield>
  </datafield>
  <datafield tag="650" ind1=" " ind2="4">
    <subfield code="a">Clases sociales</subfield>
    <subfield code="z">Rep&#xFA;blica Dominicana</subfield>
    <subfield code="x">Historia</subfield>
    <subfield code="9">413</subfield>
  </datafield>
  <datafield tag="650" ind1=" " ind2="4">
    <subfield code="a">Sociolog&#xED;a</subfield>
    <subfield code="x">Historia</subfield>
    <subfield code="9">414</subfield>
  </datafield>
  <datafield tag="651" ind1=" " ind2="4">
    <subfield code="a">Rep&#xFA;blica Dominicana</subfield>
    <subfield code="x">Condiciones sociales</subfield>
    <subfield code="9">46</subfield>
  </datafield>
  <datafield tag="651" ind1=" " ind2="4">
    <subfield code="a">Rep&#xFA;blica Dominicana</subfield>
    <subfield code="x">Historia</subfield>
    <subfield code="9">170</subfield>
  </datafield>
  <datafield tag="910" ind1=" " ind2=" ">
    <subfield code="a">Validado. Control de calidad. MFF</subfield>
  </datafield>
  <datafield tag="942" ind1=" " ind2=" ">
    <subfield code="2">ddc</subfield>
    <subfield code="c">LBS1</subfield>
  </datafield>
  <datafield tag="952" ind1=" " ind2=" ">
    <subfield code="0">0</subfield>
    <subfield code="1">0</subfield>
    <subfield code="7">1</subfield>
    <subfield code="8">PD</subfield>
    <subfield code="a">PD</subfield>
    <subfield code="b">PD</subfield>
    <subfield code="c">HD</subfield>
    <subfield code="d">2013-03-06</subfield>
    <subfield code="i">LF1</subfield>
    <subfield code="l">0</subfield>
    <subfield code="o">305.57293 B742c, 1991</subfield>
    <subfield code="p">37810-10</subfield>
    <subfield code="r">2020-06-25</subfield>
    <subfield code="w">2020-06-25</subfield>
    <subfield code="y">LFPD</subfield>
    <subfield code="Z">No se presta</subfield>
  </datafield>
  <datafield tag="999" ind1=" " ind2=" ">
    <subfield code="c">37300</subfield>
    <subfield code="d">37300</subfield>
  </datafield>
</record>
